000
00311nam a2200109 4500
999
_c
9524
_d
9524
008
180706b ||||| |||| 00| 0 eng d
245
_a
Don't give police escorts other tasks, bets warned.
260
_a
Philippines
_b
The Philippine Star
_c
c2016
300
_a
page 9.
650
0
_9
28300
_a
Police.
942
_2
ddc
_c
PER